All Named Targaryens - Statistics

General Stats
  • This quiz has been taken 195 times
  • The average score is 101 of 138
Answer Stats
Birth – Death Answer Title Dragon % Correct
184 AC – 196 AC Aegon Blackfyre N/A N/A
100%
120 AC –157 AC Aegon III Targaryen The Younger / Dragonbane Stormcloud
100%
107 AC – 131 AC Aegon II Targaryen The Elder / The Usurper Sunfyre
100%
27 BC – 37 AC Aegon I Targaryen The Conqueror Balerion
100%
135 AC – 184 AC Aegon IV Targaryen The Unworthy N/A
100%
Undetermined Aegon Targaryen N/A N/A
100%
26 AC – 43 AC Aegon Targaryen The Uncrowned / The Pretender Quicksilver
100%
51 AC – 51 AC Aegon Targaryen N/A N/A
100%
84 AC – 85 AC Aegon Targaryen N/A N/A
100%
272 AC – 273 AC Aegon Targaryen N/A N/A
100%
281 or 282 AC – 283 AC Aegon Targaryen N/A N/A
100%
200 AC – 259 AC Aegon V Targaryen The Unlikely N/A
100%
201-209 AC – undetermined Rhae Targaryen N/A N/A
99%
122 AC – 172 AC Viserys II Targaryen N/A Shrykos
99%
77 AC – 129 AC Viserys I Targaryen The Young King Balerion
99%
176 or 177 AC – undetermined Viserys Plumm N/A N/A
99%
29 AC – 44 AC Viserys Targaryen N/A N/A
99%
276 AC – 298 AC Viserys Targaryen The Beggar King N/A
99%
184 AC – 196 AC Aemon Blackfyre N/A N/A
98%
55 AC – 92 AC Aemon Targaryen N/A Caraxes
98%
136 AC – undetermined Aemon Targaryen The Dragonknight / Knight of Tears N/A
98%
198 AC – 300 AC Aemon Targaryen N/A N/A
98%
Undetermined – 241-258 AC Daemon Blackfyre N/A
98%
170 AC – 196 AC Daemon I Blackfyre The Black Dragon N/A
98%
189 AC – 212-219 AC Daemon II Blackfyre The Younger / The Brown Dragon N/A
98%
In or after 202 – 236 AC Daemon III Blackfyre N/A N/A
98%
81 AC – 130 AC Daemon Targaryen The Rogue Prince Caraxes
98%
284 AC – present Daenerys I Targaryen Stormborn Drogon, Rhaegal, Viserion
98%
53 AC – 60 AC Daenerys Targaryen Darling of the Realm N/A
98%
172 AC – Undetermined Daenerys Targaryen N/A N/A
98%
25 or 26 BC – 10 AC Rhaenys Targaryen N/A Meraxes
95%
74 AC – 129 AC Rhaenys Targaryen The Queen Who Never Was Meleys
95%
280 AC – 283 AC Rhaenys Targaryen N/A N/A
95%
110 AC – 130 AC Aemond Targaryen One-Eye / Kinslayer Vhagar
94%
244 AC – 283 AC Aerys II Targaryen The Mad King / King Scab N/A
94%
172 AC – 221 AC Aerys I Targaryen N/A N/A
94%
Undetermined Aerys Targaryen N/A N/A
94%
144 AC – 171 AC Baelor I Targaryen The Beloved / The Blessed N/A
94%
170 AC – 209 AC Baelor Targaryen Breakspear / The Hammer N/A
94%
97 AC – 130 AC Rhaenyra I Targaryen The Realm's Delight / The Half-Year Queen Syrax
94%
153 AC – 209 AC Daeron II Targaryen The Good N/A
93%
143 AC – 161 AC Daeron I Targaryen The Young Dragon N/A
93%
114 AC – 130 AC Daeron Targaryen The Daring Tessarion
93%
190 or 191 AC – 221-233 AC Daeron Targaryen The Drunken N/A
93%
228 AC – 251 AC Daeron Targaryen N/A N/A
93%
269 AC – 269 or 270 AC Daeron Targaryen N/A N/A
93%
115 AC – 129 AC Lucerys Velaryon N/A Arrax
93%
12 AC – 48 AC Maegor I Targaryen The Cruel Balerion
93%
232 AC – undetermined Maegor Targaryen N/A N/A
93%
Undetermined Baelon Targaryen N/A N/A
89%
57 AC – 101 AC Baelon Targaryen The Spring Prince / The Brave Vhagar
89%
105 AC – 105 AC Baelon Targaryen Heir for a Day N/A
89%
114 AC – 130 AC Jacaerys Velaryon N/A Vermax
89%
225 AC – 262 AC Jaehaerys II Targaryen N/A N/A
89%
34 AC – 103 AC Jaehaerys I Targaryen The Conciliator / The Wise / The Old King Vermithor
89%
123 AC – 129 AC Jaehaerys Targaryen N/A N/A
89%
274 AC – 274 AC Jaehaerys Targaryen N/A N/A
89%
259 AC – 283 AC Rhaegar Targaryen The Dragon Prince / The Last Dragon N/A
89%
116 AC – undetermined Baela Targaryen Dragon Twin Moondancer
88%
29 BC – 44 AC Visenya Targaryen N/A Vhagar
88%
129 AC – 129 AC Visenya Targaryen N/A N/A
88%
Undetermined Aerion Targaryen N/A N/A
85%
191-194 AC – 212 AC Aerion Targaryen Brightflame / The Monstrous N/A
85%
117 AC – 130 AC Joffrey Velaryon N/A Tyraxes
85%
191-194 AC – 233 AC Aenys Blackfyre N/A N/A
84%
7 AC – 42 AC Aenys I Targaryen N/A Quicksilver
84%
109 AC – 130 AC Helaena Targaryen N/A Dreamfyre
83%
174 AC – 233 AC Maekar I Targaryen The Anvil N/A
83%
23 AC – 73 AC Rhaena Targaryen Black Bride Dreamfyre
80%
116 AC – undetermined Rhaena Targaryen Dragon Twin / of Pentos Morning
80%
147 AC – undetermined Rhaena Targaryen N/A N/A
80%
42 AC – undetermined Rhaella Targaryen N/A N/A
79%
245-247 AC – 284 AC Rhaella Targaryen N/A N/A
79%
299 AC – 299 AC Rhaego The Stallion Who Mounts the World N/A
78%
36 AC – 100 AC Alysanne Targaryen Good Queen Silverwing
77%
155 AC – undetermined Alysanne Waters N/A N/A
77%
60 AC – 84 AC Alyssa Targaryen N/A Meleys
77%
Undetermined Daenys Targaryen The Dreamer N/A
74%
220-224 AC – 259 AC Duncan Targaryen The Small / Prince of Dragonflies N/A
73%
94 AC – 120 AC Laenor Velaryon N/A Seasmoke
73%
123 AC – 133 AC Jaehaera Targaryen N/A Morghul
71%
185-198 AC - undetermined Laena Penrose N/A N/A
71%
92 AC – 120 AC Laena Velaryon N/A Vhagar
71%
134 AC – undetermined Laena Velaryon N/A N/A
71%
145 AC – undetermined Daena Targaryen The Defiant N/A
68%
Undetermined Gaemon Targaryen The Glorious N/A
68%
73 AC – 73 AC Gaemon Targaryen N/A N/A
68%
175 AC – present Brynden Rivers Bloodraven / The Three-Eyed Crow N/A
66%
Undetermined – 37 AC Orys Baratheon One-Hand N/A
66%
67 AC – undetermined Saera Targaryen N/A N/A
66%
42 AC – 56 AC Aerea Targaryen N/A Balerion
63%
64 AC – 82 AC Daella Targaryen N/A N/A
63%
199 AC – undetermined Daella Targaryen N/A N/A
63%
182-193 AC – 209 AC Valarr Targaryen The Young Prince N/A
63%
80 AC – 99 AC Gael Targaryen The Winter Child N/A
62%
178-184 AC – undetermined Shiera Seastar Star of the Sea N/A
62%
172 AC – 241 AC Aegor Rivers Bittersteel N/A
60%
Undetermined Aenar Targaryen The Exile N/A
60%
127 AC – 130 AC Maelor Targaryen N/A N/A
60%
138 AC – undetermined Naerys Targaryen N/A N/A
60%
63 AC – undetermined Vaegon Targaryen The Dragonless N/A
57%
183-209 AC – 209 AC Matarys Targaryen The Even Younger Prince N/A
55%
Undetermined Elaena Targaryen N/A N/A
52%
150 AC – undetermined Elaena Targaryen N/A N/A
52%
62 AC – 96 AC Maegelle Targaryen N/A N/A
52%
71 AC – 87 AC Viserra Targaryen N/A N/A
52%
82 AC – 105 AC Aemma Arryn N/A N/A
51%
171-176 AC – undetermined Jon Waters N/A N/A
51%
229-234 AC – undetermined Rhaelle Targaryen N/A N/A
50%
173 AC – 215 AC Rhaegel Targaryen N/A N/A
49%
226 AC – undetermined Shaera Targaryen N/A N/A
46%
39 AC – 39 AC Vaella Targaryen N/A N/A
46%
222 AC – undetermined Vaella Targaryen N/A N/A
46%
267 AC – 267 AC Shaena Targaryen N/A N/A
45%
195-211 AC – 217 AC Aelor Targaryen N/A N/A
43%
Undetermined Aelyx Targaryen N/A N/A
43%
Undetermined Daemion Targaryen N/A N/A
43%
195-211 AC – 217-221 AC Aelora Targaryen N/A N/A
41%
Undetermined Maegon Targaryen N/A N/A
39%
77 AC – 78 AC Valerion Targaryen N/A N/A
38%
163-172 AC – undetermined Balerion Otherys N/A N/A
37%
171-176 AC – undetermined Jeyne Waters N/A N/A
37%
156 AC – undetermined Lily Waters N/A N/A
37%
157 AC – undetermined Willow Waters N/A N/A
34%
190-193 AC – 219 AC Haegon I Blackfyre N/A N/A
32%
197-200 AC – undetermined Joy Penrose N/A N/A
32%
212-216 AC – undetermined Daenora Targaryen N/A N/A
30%
186-199AC – undetermined Jocelyn Penrose N/A N/A
30%
172 or 173 AC – undetermined Mya Rivers N/A N/A
30%
158 AC – undetermined Rosey Waters N/A N/A
28%
173 or 174 AC – undetermined Gwenys Rivers N/A N/A
27%
161-170 AC – undetermined Bellenora Otherys N/A N/A
26%
184-197 AC – undetermined Robin Penrose N/A N/A
26%
Undetermined – 260 AC Maelys Blackfyre The Monstrous N/A
23%
162-171 AC – undetermined Narha Otherys N/A N/A
22%
185-195 AC – undetermined Calla Blackfyre N/A N/A
18%
Undetermined Valaena Velaryon N/A N/A
17%
246 AC – 278 or 279 AC Steffon Baratheon N/A N/A
10%
No matching quizzes found
Score Distribution
Percent of People with Each Score
Percentile by Number Answered
Your Score History
You have not taken this quiz